Introducción a los existencialismos
Պահպանված է:
| Հիմնական հեղինակ: | |
|---|---|
| Ձևաչափ: | Գիրք |
| Լեզու: | իսպաներեն |
| Հրապարակվել է: |
Madrid
Revista de Occidente
1949
|
| Խորագրեր: | |
| Ցուցիչներ: |
Ավելացրեք ցուցիչ
Չկան պիտակներ, Եղեք առաջինը, ով նշում է այս գրառումը!
|
MARC
| LEADER | 00000nam a2200000 a 4500 | ||
|---|---|---|---|
| 001 | UCZ6034 | ||
| 003 | CL-VaPUC | ||
| 008 | 951201e19490000SP |||||||||||||||||spa|d | ||
| 082 | 0 | 4 | |a 142.78 |b MOU |2 21 |
| 100 | |a Mounier, Emmanuel |e autor |9 310089 | ||
| 245 | 1 | 0 | |a Introducción a los existencialismos |
| 300 | |a 203 p | ||
| 942 | |c BK | ||
| 945 | |d 19951201 00:00:00 |a lriquelm | ||
| 260 | |a Madrid |b Revista de Occidente |c 1949 | ||
| 650 | 0 | |a Existencialismo |9 265698 | |
| 650 | 0 | |a Escuelas filosóficas |9 266232 | |
| 650 | 0 | |a Naturaleza humana |9 308593 | |
| 583 | |a last modification |c 19951201 00:00:00 |k Rodrigo Vera | ||
| 999 | |c 242293 |d 242291 | ||
| 952 | |0 0 |1 0 |4 0 |6 142_780000000000000_MOU_1949 |7 0 |8 A |9 255118 |a BIBEDU |b BIBEDU |d 2019-11-19 |i 157857K |o 142.78 MOU 1949 |p 157857K |r 2019-11-19 |w 2019-11-19 |y BK |k FIL | ||